Top Gear Specials Credits Quiz Stats

Quiz not verified by Sporcle

Challenge
Share
Tweet
Embed
Score 0/11 Timer 02:00
0 Plays Today
% Correct
US Special (Miami to New Orleans)
90%
India Special
85%
Africa Special (Source of the River Nile)
75%
Polar Special
71.7%
Winter Olympics
71.7%
Botswana Special
61.7%
Burma Special
56.7%
Vietnam Special
48.3%
Patagonia Special
43.3%
Middle East Special
43.3%
Bolivia Special
28.3%

You're not logged in!

Compare scores with friends on all Sporcle quizzes.
Join for Free
OR
Log In

You Might Also Like...

Show Comments

Extras

Top Quizzes Today


Score Distribution

Your Account Isn't Verified!

In order to create a playlist on Sporcle, you need to verify the email address you used during registration. Go to your Sporcle Settings to finish the process.

Report this User

Report this user for behavior that violates our Community Guidelines.

Details: